Shakespeare survey: an annual survey of Shakespeare studies and production/
Saved in:
| Main Author: | |
|---|---|
| Format: | Book |
| Language: | English |
| Published: |
Cambridge University press,
2007
|
| Tags: |
Add Tag
No Tags, Be the first to tag this record!
|
MARC
| LEADER | 00000nam a22000007a 4500 | ||
|---|---|---|---|
| 008 | 210819b ||||| |||| 00| 0 eng d | ||
| 020 | |a ISBN: 978-1-107-69852-9 | ||
| 100 | |a SHAKESPEARE, William (1564-1616) | ||
| 245 | |a Shakespeare survey: |b an annual survey of Shakespeare studies and production/ |c Peter Holland.- |e “It includes index and references” |g xi, 381p. | ||
| 260 | |b Cambridge University press, |c 2007 |h New York: |i 696233 ARTS |i 696234 |l PR2976 .Sh1 |m 1. Shakespeare, William (1564-1616) – Criticism and interpretation |m 2. English drama – 21st century. |m I. Holland, Peter. | ||
| 500 | |a Volume 60 title’s theatres for Shakespeare. | ||
| 942 | |a lcc |c BK |e j. o. ifatola |f 19/ 08/2021 | ||
| 952 | |0 0 |1 0 |2 lcc |4 0 |6 PR2976 S H1 |7 0 |9 3135 |a ART |b HOL |c LP |d 2021-08-19 |l 0 |o PR2976 .Sh1 |p 2021-66833 |r 2021-08-19 00:00:00 |w 2021-08-19 |y BK | ||
| 952 | |0 0 |1 0 |2 lcc |4 0 |6 PR2976 S H1 |7 0 |9 3136 |a ART |b HOL |c LP |d 2021-08-19 |l 0 |o PR2976 .Sh1 |p 2021-66834 |r 2021-08-19 00:00:00 |w 2021-08-19 |y BK | ||
| 999 | |c 1586 |d 1586 | ||